000 00383nam a2200133Ia 4500
008 220217s9999||||xx |||||||||||||| ||und||
020 _a81-7722-230-9
082 _a005.13 HOL
100 _aHolzner, Steven
245 0 _aJava 2 AWT, swing, XML, and java beans programming black boo
260 _aDreamtech
_bNew Delhi
_c2002
300 _b499
650 _aPROGRAMMING LANGUAGE
999 _c172298
_d172298